A mãe e a criança (Registo nº 200387)

Detalhes MARC
000 -Etiqueta do registo
Valores 00773nam 22002293 4500
100 ## - Dados gerais de processamento
Dados gerais 20260204d u||y0pory50 ba
200 ## - Titulo e menção de responsabilidade
Título próprio A mãe e a criança
Primeira menção de responsabilidade Dr. Isidro Aguilar, Dra H. Galbes de Aguilar
205 ## - Menção da edição
Edição
210 ## - Publicação
Local de publicação Sacavém
Nome do editor Publicadora Atlântico
Data de publicação [19--?]
215 ## - Descrição física 
Paginação / Volumes 2 v. (1170, [4] p.)
Outras indicações físicas il. ; encadernado
Dimensões 25 cm
225 ## - Colecção 
Título próprio da colecção Princípios de vida
300 ## - Notas gerais 
Texto da nota .- prólogo da edição espanhola pelo Professor Jose Botella Llusia
305 ## - Nota relativa à edição da publicação
Texto da nota .- 1ª edição Portuguesa atualizada e aumentada
606 ## - Nome comum usado como assunto
ID Autoridade 3658
Palavra de ordem Medicina
Subdivisão assunto Saúde e Bem-estar
675 ## - CDU
Notação 61
Edição PT
Língua por
700 ## - Autor principal (pessoa individual)
ID Autoridade 16194
Apelido Aguilar
Nome Isidro
701 ## - Co-autor principal (pessoa individual)
ID Autoridade 16195
Apelido Aguilar
Nome H. Galbes de
801 ## - Fonte de origem
País PT
Agência BMMN
Regras de catalogação RPC
830 ## - Notas gerais do catalogador
Criado por Ana
Indexado por Ana
990 ## - Elementos KOHA
Tipo de documento Livro
Exemplares
Situação do levantamento Biblioteca de origem Código de barras Cota Permissão de empréstimo Tipo de documento Forma de aquisição
  Biblioteca Municipal de Montemor-o-Novo 29543 61 AGU|DEP vol.I   Livro Compra
  Biblioteca Municipal de Montemor-o-Novo 29544 61 AGU|DEP vol.II   Livro Compra

Powered by Koha